Reducing Scottish greenhouse gas emissions (Record no. 113011)

MARC details
000 -LEADER
fixed length control field 00874cad a22002055a 4500
001 - CONTROL NUMBER
control field E154491
008 - FIXED-LENGTH DATA ELEMENTS--GENERAL INFORMATION
fixed length control field 111214s2011 xxk f 000 0 eng d
020 ## - INTERNATIONAL STANDARD BOOK NUMBER
International Standard Book Number 9781907916441
035 ## - SYSTEM CONTROL NUMBER
System control number (Sirsi) u154491
041 0# - LANGUAGE CODE
Language code of text/sound track or separate title eng
110 2# - MAIN ENTRY--CORPORATE NAME
Corporate name or jurisdiction name as entry element Audit Scotland
9 (RLIN) 3963
245 00 - TITLE STATEMENT
Title Reducing Scottish greenhouse gas emissions
Medium [electronic resource]
260 ## - PUBLICATION, DISTRIBUTION, ETC.
Place of publication, distribution, etc. Edinburgh
Name of publisher, distributor, etc. Audit Scotland
Date of publication, distribution, etc. 2011
520 ## - SUMMARY, ETC.
Summary, etc. Looks at the progress made in reducing greenhouse gas emissions in Scotland since 1990 and assesses the effectiveness of the Scottish Government's approach to achieving reductions.
590 ## - LOCAL NOTE (RLIN)
Local note KA
651 #4 - SUBJECT ADDED ENTRY--GEOGRAPHIC NAME
Geographic name Scotland
Chronological subdivision 1999-
690 ## - LOCAL SUBJECT ADDED ENTRY--TOPICAL TERM (OCLC, RLIN)
Topical term or geographic name as entry element ENVIRONMENTAL AND LAND CONSULTANCY-ENERGY-ENERGY USE
856 40 - ELECTRONIC LOCATION AND ACCESS
Uniform Resource Identifier <a href="https://www.audit-scotland.gov.uk/docs/central/2011/nr_111208_greenhouse_gases.pdf">https://www.audit-scotland.gov.uk/docs/central/2011/nr_111208_greenhouse_gases.pdf</a>
Public note View the report free of charge at www.audit-scotland.gov.uk
942 ## - ADDED ENTRY ELEMENTS (KOHA)
Suppress in OPAC 0
Holdings
Withdrawn status Lost status Source of classification or shelving scheme Damaged status Not for loan Home library Current library Shelving location Date acquired Total Checkouts Full call number Barcode Date last seen Copy number Price effective from Koha item type
    Dewey Decimal Classification     Virtual Virtual Online 14/12/2011   ONLINE PUBLICATION 154491-2001 06/08/2019 1 06/08/2019 Book